书目信息 |
| 题名: |
面向未来的城市规划和设计
|
|
| 作者: | 黄琲斐 编著 | |
| 分册: | ||
| 出版信息: | 北京 中国建筑工业出版社 2004 |
|
| 页数: | 201页 | |
| 开本: | 26cm | |
| 丛书名: | ||
| 单 册: | ||
| 中图分类: | TU984.1 | |
| 科图分类: | ||
| 主题词: | 城市规划--设计 | |
| 电子资源: | ||
| ISBN: | 7-112-06848-7 | |
| 000 | 01049nam0-2200241 450 | |
| 001 | 0100004045 | |
| 005 | 20240327101421.91 | |
| 010 | @a7-112-06848-7@dCNY55.00 | |
| 100 | @a20041026d2004 em y0chiy50 ea | |
| 101 | 0 | @achi |
| 102 | @aCN@b110000 | |
| 105 | @aa z 000yy | |
| 200 | 1 | @a面向未来的城市规划和设计@e可持续性城市规划和设计的理论及案例分析@f黄琲斐编著@Amian xiang wei lai de cheng shi gui hua he she ji |
| 210 | @a北京@c中国建筑工业出版社@d2004 | |
| 215 | @a201页@c照片,图@d26cm | |
| 300 | @a本书的写作和出版受到中国国际建筑艺术双年展组委会的大力支持 | |
| 330 | @a本书详细阐述了可持续性发展理念在城市规划与设计领域中的运用,内容包括自然界对人类生存的意义,能源和雨水利用,未来城市的特征、可持续性城市实施展略等5部分。 | |
| 517 | 1 | @a可持续性城市规划和设计的理论及案例分析@Ake chi xu xing cheng shi gui hua he she ji de li lun ji an li fen xi |
| 606 | 0 | @a城市规划@x设计 |
| 690 | @aTU984.1@v4 | |
| 701 | 0 | @a黄琲斐@4编著@Ahuang bei fei |
| 801 | 0 | @aCN@b河南城建学院图书馆@c20160515 |
| 905 | @a河南城建学院图书馆@dTU984.1@eH801 | |
| 面向未来的城市规划和设计:可持续性城市规划和设计的理论及案例分析/黄琲斐编著.-北京:中国建筑工业出版社,2004 |
| 201页:照片,图;26cm |
| 本书的写作和出版受到中国国际建筑艺术双年展组委会的大力支持 |
| ISBN 7-112-06848-7:CNY55.00 |
| 本书详细阐述了可持续性发展理念在城市规划与设计领域中的运用,内容包括自然界对人类生存的意义,能源和雨水利用,未来城市的特征、可持续性城市实施展略等5部分。 |
| ● |
| 相关链接 |
|
|
|
正题名:面向未来的城市规划和设计
索取号:TU984.1/H801
 
预约/预借
| 序号 | 登录号 | 条形码 | 馆藏地/架位号 | 状态 | 备注 |
| 1 | 1283071 | 212830711 | 建筑与城市规划学院资料室/201建筑库 64排3列2层/ [索取号:TU984.1/H801] | 在馆 | |
| 2 | 1283072 | 212830720 | 建筑与城市规划学院资料室/201建筑库 64排3列2层/ [索取号:TU984.1/H801] | 在馆 | |
| 3 | 1283073 | 212830739 | 建筑与城市规划学院资料室/201建筑库 64排3列2层/ [索取号:TU984.1/H801] | 在馆 | |
| 4 | 1302568 | 213025689 | 建筑库201/201建筑库 92排2列5层/ [索取号:TU984.1/H801] | 在馆 | |
| 5 | 1302569 | 213025698 | 建筑库201/201建筑库 92排2列5层/ [索取号:TU984.1/H801] | 在馆 | |
| 6 | 1302570 | 213025705 | 建筑库201/201建筑库 92排2列5层/ [索取号:TU984.1/H801] | 在馆 | |
| 7 | 1550447 | 215504470 | 建筑库201/201建筑库 92排2列5层/ [索取号:TU984.1/H801] | 在馆 | |
| 8 | 1550448 | 215504489 | 建筑库201/201建筑库 92排2列5层/ [索取号:TU984.1/H801] | 在馆 | |
| 9 | 1550449 | 215504498 | 建筑库201/201建筑库 92排2列5层/ [索取号:TU984.1/H801] | 在馆 |